Red Dead Redemption character quiz - Statistics

General Stats
  • This quiz has been taken 371 times
  • The average score is 31 of 117
Answer Stats
Hint Answer % Correct
1. Main protagonist of RDR2 Arthur Morgan
97%
2. Charismatic gang leader Dutch Van Der Linde
89%
7. Main protagonist of RDR1 John Marston
87%
3. Main Antagonist of RDR2, gang member Micah Bell III
86%
4. Mexican gang member Javier Escuella
78%
11. Gang member with lumbago Uncle
73%
5. Former soldier, gang member Bill Williamson
72%
10. Joined the gang after O'driscolls killed her husband Sadie Adler
71%
6. Number 2's best friend Hosea Matthews
70%
8. 19 yeard old gang member, died in one of the missions Lenny Summers
69%
9. Gang member with an Indian mother and a Black father Charles Smith
67%
26. Only child in gang, 7's and 25's son Jack Marston
63%
25. Number 7's wife Abigail Roberts/Abigail Marston
62%
14. Former O'driscoll gang member, had a horrible death Kieran Duffy
60%
13. Irish gang member Sean McGuire
59%
22. Number 2's lover Molly O'Shea
57%
12. The gang's priest Reverend Swanson/Orville Swanson
57%
19. Black female gang member Tilly Jackson
57%
39. Leader of the rival gang Colm O'driscoll
56%
21. Oldest female gang member Susan Grimshaw
55%
23. Gang's german-speaking member Leopold Strauss
50%
17. Gang's cook Simon Pearson
50%
30. Main protagonist's love interest Mary Linton
49%
37. Son of the above Eagle Flies
47%
24. Gang member who often dissapears Josiah Trelawny
47%
36. Wapiti Indian leader Rains Fall
47%
34. Pinkerton agency agent, main antagonist of RDR2 Agent Andrew Milton
45%
35. Pinkerton agency agent, main antagonist of RDR1 Agent Edgar Ross
45%
42. Italian mafia boss Angelo Bronte
45%
18. Female gang member, drinks much alcohol Karen Jones
45%
20. Female gang member, often talks with the protagonist Mary-Beth Gaskill
44%
15. Number 3's man Joe
41%
38. Oil and kerosene potentate Leviticus Cornwall
40%
16. Number 3's man Cleet
38%
28. Brother of the above Mac Callander
38%
27. Died in the beggining of the game (RDR2) Davey Callander
37%
106. Fisherman in Lagras Thomas
37%
43. Braithwaite family head Catherine Braithwaite
35%
49. A debter who had Tuberculosis Thomas Downes
34%
33. Dead son of the main protagonist Isaac Morgan
32%
29. Female gang member, died before the game's action (RDR2) Jenny Kirk
31%
53. Gray family member, doesn't support the family Beau Gray
29%
40. Chapter 5 main antagonist Alberto Fussar
28%
46. Number 2's former lover, killed by number 39 Annabelle
28%
45. Rhodes sheriff in 1899 Leigh Gray
27%
89. Gunslinger Black Belle
23%
50. Wife of the above Edith Downes
21%
31. Brother of the above Jamie Gillis
21%
32. Dead wife of the main protagonist Eliza Morgan
20%
47. Number 6's former wife, passed away before RDR2 Bessie Matthews
19%
55. Nun in Saint Denis Sister Calderon
19%
48. Number 19 used to be part of his gang Anthony Foreman
17%
87. Gunslinger Billy Midnight
17%
86. Gunslinger Flaco Hernandez
17%
90. Gunslinger Jim "Boy" Calloway
17%
64. Love interest of number 53 Penelope Braithwaite
17%
109. We fight him in Valentine Saloon Tommy
17%
81. A veteran who lives near O'Creagh's Run Hamish Sinclair
16%
93. Gunslinger in RDR1, used to be the best Landon Ricketts
16%
61. US army captain, helps the Wapiti Indians Lyndon Monroe
16%
94. Main protagonist of Red Dead Revolver Red Harlow
16%
96. More of him is seen in RDR1 than in RDR2, looks similar to number 24 The Strange Man
16%
79. Prisoner who escaped with a funny 2nd name Sampson Black
15%
80. Prisoner who escaped with a funny 2nd name Wendell White
15%
54. Monk in Saint Denis Brother Dorkins
14%
73. French artist in Saint Denis Charles Châtenay
14%
88. Gunslinger Emmet Granger
14%
41. A rebel leader who fought with the above Hercule Fontaine
14%
51. Son of 49 and 50 Archie Downes
13%
72. Scientist in Doverhill, creates a robot, dies later Marko Dragic
13%
70. A stranger we can meet, we can hug with him Mickey
13%
77. Performer for number 76 Bertram
12%
69. Mayor of Saint Denis Henri Lemieux
12%
68. Photographer, side quest character Albert Mason
11%
52. Right hand of Rhodes's Sheriff Archibald MacGregor
11%
75. Book writer, gang leader often reads his books Evelyn Miller
11%
92. Husband of number 10 Jake Adler
11%
71. A stranger we can give herbs to William
11%
56. Owner of the Pronghorn Ranch David Geddes
10%
44. Former Union soldier during the Civil War, now fighting against Indians Henry Favours
10%
63. Number 37's friend Paytah
10%
67. Worker at Pronghorn Ranch Abe
9%
116. Number 3's grandfather Micah Bell I
9%
114. Polish debter Wróbel
9%
78. Performer for number 76 Magnifico
8%
115. Number 3's father Micah Bell II
8%
65. Eldest member of the Gray family Tavish Gray
8%
74. A widow who lives in northern-eastern corner of the map Charlotte Balfour
7%
100. If you help him, he becomes Saint Denis mayor Jean-Marc Mercier
7%
62. Father of numbers 30 and 31 Mr. Gillis
7%
91. Former gunslinger, sheriff at Annesburg Slim Grant
7%
82. A famous fisherman Jeremie Gill
6%
113. Emerald Ranch foreman Seamus
6%
58. Younger brother of the above Duncan Geddes
5%
107. Worker of the above Jules
5%
85. A Gunslinger book writer Theodore Levin
5%
66. Worker at Pronghorn Ranch Tom Dickens
5%
98. Main character in "Oh, Brother" Acrisius
4%
57. Older son of the above Angus Geddes
4%
76. Leader of side-shows of freaks Miss Marjorie
4%
59. Mother of the above Mrs. Geddes
4%
112. A Norwegian near Manzanita Post Nils
4%
104. Hercule's man Baptiste
3%
83. He had a pig farm north from Rhodes Bray Aberdeen
3%
99. The two of above fight over her Helen
3%
97. Main character in "Oh, Brother" Proetus
3%
84. Sister of the above Tammy Aberdeen
3%
117. Cousin of number 56, banker in Blackwater Ansel Atherton
2%
103. Hercule's man Leon Fuentes
2%
110. Hired gun Mr. Wayne
2%
102. Villager from Butcher's Creek Obediah Hinton
2%
105. We play poker with him Desmond Blythe
1%
101. Villager from Butcher's Creek Lemuel
1%
60. Right hand of number 40 Levi Simom
1%
111. Hired gun Mr. Devon
1%
108. Lies to Butcher's Creek villagers Shaman
1%
95. Probably a time travelel Francis Sinlair
0%
No matching quizzes found
Score Distribution
Percent of People with Each Score
Percentile by Number Answered
Your Score History
You have not taken this quiz